[Event "Stay Safe Play From Home 287"]
[Site "Emanuel Lasker Arena"]
[Date "2020.07.08"]
[Round "3"]
[White "Jhhonnyy"]
[Black "AChessPlayer"]
[Result "1-0"]
[WhiteElo "2322"]
[BlackElo "2414"]
[Annotator "TA"]
[PlyCount "77"]
[EventDate "2020.07.08"]
[EventType "swiss (blitz)"]

{[%evp 29,76,0,12,-1,0,-76,-63,-115,-3,-137,-120,-164,-191,-172,-181,-191,-178,-156,0,-27,-39,-31,-45,-46,0,0,25,7,33,24,74,54,533,542,2271,2235,29984,2688,3189,2466,29988,29988,29991,29991,29993,29994,29995,29993,29999]} 1. d4 g6 2. c4 Bg7 3. Nf3 c5 4. d5 d6 5. g3 Nf6 6. Bg2 O-O 7. O-O Re8 8. Nc3 e6 9. h3 exd5 10. cxd5 a6 11. a4 Nbd7 12. Nd2 Rb8 13. Nc4 Ne5 14. Na3 Nh5 15. e4 Bd7 16. a5 {A64: Modern Benoni: Fianchetto Variation: 9...Nbd7 10 Nd2 a6 11 a4 Re8.} Qxa5 17. f4 (17. g4 $1 $11 {remains equal.} Nf6 18. Ra2) 17... Nxg3 $17 {aiming for ...Nc4!} 18. fxe5 ({White should play} 18. Rf2 $15) 18... Bxe5 (18... Nxf1 $17 19. Qxf1 Bxe5) 19. Be3 (19. Rf2 $11 {keeps the balance.}) 19... Nxf1 20. Qxf1 {and if Nc4 works, White does fine.} Qd8 21. Nc4 {[#]} Bxc3 $146 ({Predecessor:} 21... f6 22. Qf2 Rf8 23. Qd2 Rf7 24. Bf4 Qe7 25. Rf1 b5 26. Na5 b4 27. Nd1 Bb5 {0-1 (49) Gretarsson,H (2398)-Golizadeh,A (2481) Khanty-Mansiysk 2010}) 22. bxc3 Bb5 23. Rb1 {[#]} Qd7 $2 ({Better is} 23... f5 $1 $17 24. Bf4 (24. exf5 Bxc4) 24... Bxc4 25. Qxc4 fxe4) 24. Bf4 Bxc4 25. Qxc4 {With the idea Rb6.} b5 26. Qd3 f6 27. h4 Kg7 28. Bh3 $36 {[%mdl 2048] White is more active.} Qe7 29. Be6 Rf8 30. Qg3 Kh8 $2 {[%mdl 8192]} (30... Rb6 $1 $14) 31. Bxd6 $18 {[%mdl 64] Double Attack} Qg7 32. Bxb8 Qh6 33. Bf4 (33. Rf1 $142 Qg7 34. Bd6 Rd8 35. Bxc5 b4 {[#]} 36. Bd4 $1 {[%mdl 512]} Rf8 37. Rxf6 $1 {[%mdl 512]} Qxf6 38. Bxf6+ Rxf6 39. cxb4) 33... Qg7 34. Rf1 Qa7 35. Kh2 {White mates.} a5 36. e5 a4 37. exf6 a3 38. Be5 {[%csl Ge6][%cal Rf6f7]} a2 39. f7# {Never resign too early! Accuracy: White = 57%, Black = 42%.} 1-0

[Event "Stay Safe Play From Home 287"]
[Site "Emanuel Lasker Arena"]
[Date "2020.07.08"]
[Round "3"]
[White "Lazieri3"]
[Black "Greblah"]
[Result "1-0"]
[WhiteElo "2113"]
[BlackElo "1883"]
[PlyCount "73"]
[EventDate "2020.07.08"]
[EventType "swiss (blitz)"]

1. e4 {[%emt 0:00:03]} c6 {[%emt 0:00:00]} 2. Nc3 {[%emt 0:00:00]} d5 {[%emt 0:00:00]} 3. exd5 {[%emt 0:00:01]} c5 {[%emt 0:00:01]} 4. d4 {[%emt 0:00:00]} cxd4 {[%emt 0:00:01]} 5. Qxd4 {[%emt 0:00:01]} Nf6 {[%emt 0:00:01]} 6. Bb5+ {[%emt 0:00:01]} Bd7 {[%emt 0:00:01]} 7. Bxd7+ {[%emt 0:00:01]} Qxd7 {[%emt 0:00:00]} 8. Nf3 {[%emt 0:00:01]} g6 {[%emt 0:00:00]} 9. Be3 {[%emt 0:00:01]} Bg7 {[%emt 0:00:01]} 10. O-O-O {[%emt 0:00:01]} O-O {[%emt 0:00:01]} 11. Qd2 {[%emt 0:00:01]} Ng4 {[%emt 0:00:01]} 12. Bf4 {[%emt 0:00:02]} Na6 {[%emt 0:00:03]} 13. h3 {[%emt 0:00:03]} Nf6 {[%emt 0:00:01]} 14. Bh6 {[%emt 0:00:02]} Nb4 {[%emt 0:00:01]} 15. h4 {[%emt 0:00:04]} Rac8 {[%emt 0:00:02]} 16. h5 {[%emt 0:00:02]} Rxc3 {[%emt 0:00:01]} 17. hxg6 {[%emt 0:00:05]} fxg6 {[%emt 0:00:02]} 18. Bxg7 {[%emt 0:00:01]} Kxg7 {[%emt 0:00:01]} 19. Qh6+ {[%emt 0:00:01]} Kf7 {[%emt 0:00:01]} 20. Ng5+ {[%emt 0:00:02]} Ke8 {[%emt 0:00:01]} 21. Nxh7 {[%emt 0:00:03]} Nxa2+ {[%emt 0:00:01]} 22. Kb1 {[%emt 0:00:01]} Qa4 {[%emt 0:00:02]} 23. Qxf8+ {[%emt 0:00:01]} Kd7 {[%emt 0:00:01]} 24. Nxf6+ {[%emt 0:00:00]} Kc7 {[%emt 0:00:05]} 25. Qxe7+ {[%emt 0:00:01]} Kb6 {[%emt 0:00:01]} 26. Nd7+ {[%emt 0:00:04]} Ka5 {[%emt 0:00:02]} 27. bxc3 {[%emt 0:00:03]} Nxc3+ {[%emt 0:00:02]} 28. Kc1 {[%emt 0:00:01]} Qf4+ {[%emt 0:00:03]} 29. Qe3 {[%emt 0:00:02]} Na2+ {[%emt 0:00:02]} 30. Kb2 {[%emt 0:00:02]} Qb4+ {[%emt 0:00:02]} 31. Kxa2 {[%emt 0:00:01]} Qd6 {[%emt 0:00:03]} 32. Qa3+ {[%emt 0:00:02]} Kb5 {[%emt 0:00:01]} 33. Qxd6 {[%emt 0:00:01]} Kc4 {[%emt 0:00:00]} 34. Qe6 {[%emt 0:00:00]} Kc3 {[%emt 0:00:01]} 35. Nf6 {[%emt 0:00:00]} b5 {[%emt 0:00:01]} 36. d6 {[%emt 0:00:00]} Kxc2 {[%emt 0:00:01]} 37. Qb3# {[%emt 0:00:00] (Lag: Av=0.61s, max=2.1s)} 1-0

[Event "Stay Safe Play From Home 287"]
[Site "Emanuel Lasker Arena"]
[Date "2020.07.08"]
[Round "3"]
[White "NeatFox"]
[Black "Mepe_Nika"]
[Result "0-1"]
[WhiteElo "1965"]
[BlackElo "2353"]
[Annotator "TA"]
[PlyCount "122"]
[EventDate "2020.07.08"]
[EventType "swiss (blitz)"]

{[%evp 9,122,-120,-23,-24,-30,-23,-20,-31,-31,-60,-49,-52,-43,-63,-64,-103,17,22,26,-27,116,112,122,31,41,-162,-161,-625,-246,-1060,-29,-291,-298,-719,-731,-701,-687,-716,-715,-727,-523,-514,-517,-509,-499,-569,-566,-589,-579,-605,-610,-594,-600,-627,-627,-640,-635,-627,-605,-604,-601,-29990,-29991,-29989,-2221,-29992,-29993,-29993,-29994,-29994,-29993,-29993,-29994,-29994,-29994,-29994,-29995,-29994,-29995,-29995,-29994,-29994,-29994,-29994,-29994,-29994,-29990,-29990,-29990,-29990,-29990,-29989,-29990,-29990,-29991,-29992,-29991,-29991,-29992,-29993,-29993,-29993,-29993,-29995,-29995,-29995,-29996,-29996,-29997,-29997,-29997,-29997,-29995,-29997,-29992]} 1. g4 d5 2. Bg2 Bxg4 3. c4 c6 4. cxd5 cxd5 5. Qb3 Nd7 (5... Nf6 $1 $17 {White should prevent ...Qd7.} 6. Nc3 Nc6 7. Nxd5 Rc8) 6. Bxd5 $11 {[%csl Gb3][%cal Rd5f7] A00: Irregular Openings.} e6 {[#]} 7. Bf3 $146 ({Predecessor:} 7. Bg2 Rc8 8. Nc3 b6 9. d3 Bh5 10. Bf4 Nc5 11. Qb5+ Qd7 12. Nf3 Qxb5 13. Nxb5 {0-1 (46) Papay,J (1947)-Saffova,M (1717) Teplice 2013}) 7... Rc8 8. Nc3 {The position is equal.} Ngf6 9. Qxb7 Bc5 10. Bxg4 Nxg4 11. e3 O-O {[%mdl 1024] Black has compensation.} 12. d4 Bb6 (12... e5 $1 $17 {[%cal Re5d4]} 13. Nge2 exd4 14. exd4 Bxd4) 13. Qg2 Ngf6 14. Nf3 (14. Nge2 $142) 14... e5 (14... Ba5 $11 {remains equal.} 15. O-O Bxc3 16. bxc3 Rxc3) 15. dxe5 $16 Ne8 16. Rg1 (16. O-O $16) 16... Nc5 $14 17. Kf1 $2 (17. Qg4 $14 {stays ahead.}) 17... Qd3+ $19 {Black converts the advantage convincingly.} 18. Ne2 $2 (18. Ke1) 18... Ne4 $2 (18... Qd1+ 19. Ne1 Nd3 $1 {[%mdl 576] Double Attack}) 19. Ne1 $2 {[#]} (19. Qg4 Rc2 20. Ne1) 19... Qd5 $2 (19... Rxc1 $1 $19 {[%cal Re4d2][%mdl 512]} 20. Qf3 (20. Rxc1 Nd2#) 20... Rxa1) 20. b3 $2 {[%mdl 8192]} (20. f3 $11 {and White has nothing to worry.} Nd2+ 21. Kf2) 20... Qxe5 21. f3 $2 (21. Nd3 Qxa1 22. Qxe4) 21... Qxa1 {[%mdl 64] Double Attack} 22. fxe4 Rxc1 23. Nxc1 Qxc1 24. Qe2 Qxe3 25. Qxe3 Bxe3 26. Rg3 Bh6 27. Rf3 Nf6 28. e5 Ng4 29. Kg2 Nxe5 30. Rc3 Re8 {Strongly threatening ...Bd2.} 31. Nc2 f6 32. Nd4 Rd8 33. Nf5 Rd2+ 34. Kg3 Kf7 35. Ne7 Kxe7 36. Rc7+ Rd7 (36... Ke6 $142 37. Rb7 Kf5 38. Rb4 Nd3 39. Rh4 Bf4+ 40. Rxf4+ Nxf4 41. Kf3 Rxh2 42. b4 Rg2 43. a4 g5 44. Ke3 Ke5 45. a5 g4 46. b5 Re2#) 37. Rxa7 Rxa7 {Black mates.} 38. a4 Rb7 39. Kf2 Rb4 40. a5 Rxb3 41. a6 Ra3 42. a7 Rxa7 43. Ke2 Ra4 44. Kf2 Rh4 45. Kg3 Bg5 46. h3 h5 47. Kh2 {[#]} Rxh3+ $1 48. Kxh3 h4 49. Kg2 Bh6 50. Kh2 g5 51. Kg2 g4 52. Kh2 Bg5 53. Kg2 f5 54. Kg1 f4 55. Kf1 h3 56. Kg1 Bh4 57. Kh1 g3 58. Kg1 f3 59. Kh1 g2+ 60. Kh2 {[#]} Bg3+ $1 61. Kxh3 (61. Kxg3 g1=Q+) 61... f2 {Accuracy: White = 29%, Black = 47%.} 0-1

[Event "Stay Safe Play From Home 287"]
[Site "Emanuel Lasker Arena"]
[Date "2020.07.08"]
[Round "3"]
[White "Ironmike"]
[Black "Haxhi Baha"]
[Result "1-0"]
[WhiteElo "1945"]
[BlackElo "2010"]
[PlyCount "93"]
[EventDate "2020.07.08"]
[EventType "swiss (blitz)"]
[WhiteTeam "SV Horst-Emscher I"]

{Dönges, Dirk (1820)} 1. e4 {[%emt 0:00:02]} e6 {[%emt 0:00:01]} 2. Nf3 {[%emt 0:00:00]} d5 {[%emt 0:00:00]} 3. exd5 {[%emt 0:00:01]} exd5 {[%emt 0:00:00]} 4. Be2 {[%emt 0:00:00]} c6 {[%emt 0:00:00]} 5. O-O {[%emt 0:00:00]} Nf6 {[%emt 0:00:00]} 6. d4 {[%emt 0:00:01]} Be7 {[%emt 0:00:00]} 7. Bg5 {[%emt 0:00:01]} O-O {[%emt 0:00:00]} 8. Bxf6 {[%emt 0:00:00]} Bxf6 {[%emt 0:00:01]} 9. Nbd2 {[%emt 0:00:00]} Bf5 {[%emt 0:00:01]} 10. c3 {[%emt 0:00:00]} Nd7 {[%emt 0:00:01]} 11. h3 {[%emt 0:00:00]} Re8 {[%emt 0:00:01]} 12. Re1 {[%emt 0:00:01]} c5 {[%emt 0:00:01]} 13. Nf1 {[%emt 0:00:00]} c4 {[%emt 0:00:01]} 14. Qd2 {[%emt 0:00:03]} Bg6 {[%emt 0:00:00]} 15. Bd1 {[%emt 0:00:01]} h6 {[%emt 0:00:01]} 16. Bc2 {[%emt 0:00:01]} Bxc2 {[%emt 0:00:02]} 17. Qxc2 {[%emt 0:00:01]} Qb6 {[%emt 0:00:01]} 18. Ne3 {[%emt 0:00:03]} Qc6 {[%emt 0:00:02]} 19. Nf5 {[%emt 0:00:01]} Nb6 {[%emt 0:00:02]} 20. Ne5 {[%emt 0:00:02]} Bxe5 {[%emt 0:00:01]} 21. dxe5 {[%emt 0:00:00]} Re6 {[%emt 0:00:01]} 22. Rad1 {[%emt 0:00:03]} Qc5 {[%emt 0:00:05]} 23. Nd4 {[%emt 0:00:00]} Rg6 {[%emt 0:00:01]} 24. e6 {[%emt 0:00:02]} fxe6 {[%emt 0:00:01]} 25. Qxg6 {[%emt 0:00:01]} e5 {[%emt 0:00:01]} 26. Qe6+ {[%emt 0:00:01]} Kh8 {[%emt 0:00:02]} 27. Qxe5 {[%emt 0:00:00]} Nd7 {[%emt 0:00:02]} 28. Qg3 {[%emt 0:00:03]} Nf6 {[%emt 0:00:01]} 29. Ne6 {[%emt 0:00:03]} Qe7 {[%emt 0:00:03]} 30. Nf4 {[%emt 0:00:03]} Qf7 {[%emt 0:00:01]} 31. Ng6+ {[%emt 0:00:01]} Kh7 {[%emt 0:00:01]} 32. Nf4 {[%emt 0:00:04]} Rf8 {[%emt 0:00:03]} 33. h4 {[%emt 0:00:01]} Ne4 {[%emt 0:00:01]} 34. Rxe4 {[%emt 0:00:02]} dxe4 {[%emt 0:00:00]} 35. Nd5 {[%emt 0:00:01]} Qf5 {[%emt 0:00:02]} 36. Qe3 {[%emt 0:00:01]} Rd8 {[%emt 0:00:04]} 37. Qd2 {[%emt 0:00:04]} b6 {[%emt 0:00:04]} 38. b3 {[%emt 0:00:02]} cxb3 {[%emt 0:00:02]} 39. axb3 {[%emt 0:00:02]} b5 {[%emt 0:00:00]} 40. Nf6+ {[%emt 0:00:00]} Qxf6 {[%emt 0:00:01]} 41. Qxd8 {[%emt 0:00:00]} Qxc3 {[%emt 0:00:00]} 42. Qd4 {[%emt 0:00:02]} Qxb3 {[%emt 0:00:02]} 43. Qxe4+ {[%emt 0:00:01]} Kg8 {[%emt 0:00:01]} 44. Rd8+ {[%emt 0:00:00]} Kf7 {[%emt 0:00:00]} 45. Qe8+ {[%emt 0:00:00]} Kf6 {[%emt 0:00:01]} 46. Rd6+ {[%emt 0:00:00]} Kf5 {[%emt 0:00:01]} 47. Qf7+ {[%emt 0:00:01] Time '} 1-0

[Event "Stay Safe Play From Home 287"]
[Site "Emanuel Lasker Arena"]
[Date "2020.07.08"]
[Round "3"]
[White "Trotsky"]
[Black "Lamborghini"]
[Result "0-1"]
[WhiteElo "1617"]
[BlackElo "2195"]
[PlyCount "50"]
[EventDate "2020.07.08"]
[EventType "swiss (blitz)"]

1. d4 {[%emt 0:00:01]} Nf6 {[%emt 0:00:01]} 2. e3 {[%emt 0:00:00]} g6 {[%emt 0:00:00]} 3. c4 {[%emt 0:00:01]} Bg7 {[%emt 0:00:00]} 4. Nc3 {[%emt 0:00:01]} O-O {[%emt 0:00:00]} 5. Bd3 {[%emt 0:00:01]} d6 {[%emt 0:00:00]} 6. Qc2 {[%emt 0:00:00]} Nc6 {[%emt 0:00:00]} 7. Nf3 {[%emt 0:00:01]} Nb4 {[%emt 0:00:01]} 8. Qb1 {[%emt 0:00:01]} c5 {[%emt 0:00:01]} 9. a3 {[%emt 0:00:02]} Nxd3+ {[%emt 0:00:01]} 10. Qxd3 {[%emt 0:00:01]} Bf5 {[%emt 0:00:01]} 11. e4 {[%emt 0:00:01]} cxd4 {[%emt 0:00:01]} 12. exf5 {[%emt 0:00:03]} dxc3 {[%emt 0:00:01]} 13. bxc3 {[%emt 0:00:02]} Nd7 {[%emt 0:00:02]} 14. Ng5 {[%emt 0:00:02]} h6 {[%emt 0:00:02]} 15. h4 {[%emt 0:00:01]} Ne5 {[%emt 0:00:01]} 16. Qc2 {[%emt 0:00:03]} hxg5 {[%emt 0:00:01]} 17. hxg5 {[%emt 0:00:01]} gxf5 {[%emt 0:00:01]} 18. Bf4 {[%emt 0:00:01]} Qd7 {[%emt 0:00:02]} 19. O-O-O {[%emt 0:00:03]} Rfc8 {[%emt 0:00:01]} 20. g4 {[%emt 0:00:02]} Rxc4 {[%emt 0:00:02]} 21. gxf5 {[%emt 0:00:02]} Rac8 {[%emt 0:00:02]} 22. f6 {[%emt 0:00:01]} Rxc3 {[%emt 0:00:01]} 23. fxg7 {[%emt 0:00:09]} Rxc2+ {[%emt 0:00:01]} 24. Kb1 {[%emt 0:00:01]} Qb5+ {[%emt 0:00:00]} 25. Ka1 {[%emt 0:00:01]} Qb2# {[%emt 0:00:00] (Lag: Av=0.24s, max=0.3s)} 0-1

[Event "Stay Safe Play From Home 287"]
[Site "Emanuel Lasker Arena"]
[Date "2020.07.08"]
[Round "4"]
[White "AChessPlayer"]
[Black "Lamborghini"]
[Result "1-0"]
[WhiteElo "2392"]
[BlackElo "2196"]
[Annotator "TA"]
[PlyCount "95"]
[EventDate "2020.07.08"]
[EventType "swiss (blitz)"]

{[%evp 19,94,30,51,41,42,0,50,24,89,83,88,37,36,37,41,28,44,47,52,44,47,32,59,37,64,60,65,41,46,-20,35,-67,-31,-20,13,-42,0,-12,311,314,918,906,1026,1018,1011,995,1135,1132,1253,1253,1568,1139,1757,1372,1447,1304,1326,1043,1009,975,29984,4802,29982,1312,1147,1141,1085,919,811,783,1066,1033,777,767,29994,29995,29999]} 1. e3 d6 2. b3 Nf6 3. Bb2 e5 4. c4 Be7 5. Nc3 O-O 6. g3 c6 7. Bg2 Re8 8. Nge2 Bf8 9. d4 Nbd7 10. O-O Qc7 11. Qc2 {A53: Old Indian Defence without Nf3.} Rb8 {[#]} 12. Rad1 $146 ({Predecessor:} 12. Rac1 h6 13. h3 Nh7 14. Kh2 Ndf6 15. Rcd1 b5 16. Nb1 bxc4 17. Qxc4 d5 18. Qc2 {0-1 (58) Markowski,T (2475)-Chekhov,V (2490) Lubniewice 1994}) 12... b6 13. d5 {White is slightly better.} c5 (13... Bb7 $11 {keeps the balance.}) 14. Nb5 Qb7 15. e4 (15. a4 $16) 15... a6 $14 16. Nbc3 b5 {Threatening ...bxc4.} 17. Ba1 bxc4 18. bxc4 Nb6 19. Rb1 Qc7 20. Nd1 Bd7 21. Ne3 Ba4 22. Qd2 Rb7 23. Qa5 {aiming for Rxb6!} Bd7 24. Bc3 (24. Qc3 $14) 24... Reb8 ({Black should try} 24... Ng4 $1 $11) 25. h3 (25. Rb3 $14) 25... Be7 (25... Qc8 $5 {[%cal Rb6c4]} 26. Rb3 Be7 $11) 26. f4 exf4 (26... Bd8 {is interesting.} 27. fxe5 dxe5 28. Rb3 Ne8 29. Rfb1 Qc8) 27. gxf4 (27. Nxf4 $11 Ne8 28. Rb3) 27... Bd8 (27... Qc8 {keeps more tension.} 28. Rb2 Na4 29. Rxb7 Rxb7 30. Qxa6 Qb8) 28. e5 Nfxd5 $2 {[%mdl 8192] [#] Loses the game.} (28... Qc8 $11 29. Qa3 (29. exf6 $2 Na4 $17) 29... Nxc4 30. Nxc4 Rxb1 31. Nxd6 Rxf1+ 32. Bxf1 Qc7 33. exf6 Qxd6 {[%mdl 64] Double Attack}) 29. cxd5 $18 ({Don't do} 29. Nxd5 $6 Qc8 $18) 29... Nxd5 $2 (29... Qc8) 30. Qxc7 ({Weaker is} 30. Bxd5 Rxb1 31. Qxc7 Bxc7 $15) 30... Nxc7 31. Rxb7 Rxb7 32. Bxb7 d5 33. Nxd5 Nxd5 34. Bxd5 Bxh3 35. Rd1 Bh4 36. Bc4 h5 37. Bd3 Bg4 38. Be4 g6 39. e6 Bxe2 40. Rb1 (40. Rd7 $142 a5 41. Rb7 f6 42. e7 Bb5 43. Bd5+ Kh8 44. Rxb5 {[%mdl 64] Double Attack} Kh7 45. e8=Q Bf2+ 46. Kxf2 h4 47. Bxf6 Kh6 48. Qh8#) 40... fxe6 41. Rb8+ (41. Rb7 $142 Kf8 42. Bxg6 Bf3 43. Rc7 Bd8 44. Rf7+ Kg8 45. Ra7 Bb6 46. Rxa6) 41... Kf7 42. Rb7+ Ke8 43. Bxg6+ Kd8 44. Be5 Kc8 45. Rc7+ Kd8 46. Bf7 Be7 47. Bxe6 {[%csl Ge6][%cal Rc7c8]} Bg4 48. Rc8# {Accuracy: White = 57%, Black = 33%.} 1-0

[Event "Stay Safe Play From Home 287"]
[Site "Emanuel Lasker Arena"]
[Date "2020.07.08"]
[Round "4"]
[White "Mepe_Nika"]
[Black "Ironmike"]
[Result "1-0"]
[WhiteElo "2356"]
[BlackElo "1965"]
[Annotator "TA"]
[PlyCount "97"]
[EventDate "2020.07.08"]
[EventType "swiss (blitz)"]
[BlackTeam "SV Horst-Emscher I"]

{[%evp 9,97,34,50,42,86,19,57,16,64,54,64,19,18,-59,-65,-81,-8,-12,-20,-58,-10,-418,-44,-260,-254,-259,-31,-113,-127,-362,-187,-195,-39,-168,197,87,179,-68,-60,-274,129,-60,59,-25,992,175,331,250,414,410,411,404,399,132,383,354,352,86,217,-13,0,0,139,-54,-40,-356,-358,-337,-38,-272,-250,-256,-125,-141,-14,-389,0,-50,550,-115,-102,-124,-37,-1195,-29,-44,72,-934,-943,-909]} 1. d4 b6 2. e4 Bb7 3. Nc3 d6 4. Bd3 e5 {[#]} 5. d5 $146 ({Predecessor:} 5. Nf3 Nd7 6. Qe2 Ngf6 7. Bd2 Be7 8. O-O-O exd4 9. Nxd4 Ne5 10. Bb5+ c6 11. f4 cxb5 12. fxe5 dxe5 {1-0 (25) Gardo,J (1830)-Magony,E (1852) Hungary 2013}) 5... c6 6. Nge2 {B00: Queen's Fianchetto Defence, Nimzowitsch Defence.} cxd5 7. exd5 (7. Bb5+ $16 Bc6 8. Bxc6+ (8. exd5 Bxb5 9. Nxb5 a6 $14) 8... Nxc6 9. Nxd5 (9. exd5 Nce7 $14)) 7... Nf6 8. O-O {White is slightly better.} Be7 9. Bb5+ Nbd7 10. Bg5 O-O 11. Bxd7 (11. Ng3 $11) 11... Qxd7 $15 12. Ng3 Ne8 (12... Nxd5 $17 13. Nxd5 Bxg5) 13. Bxe7 $11 Qxe7 14. Nf5 Qf6 15. Qg4 $2 {[%mdl 8192]} (15. Ne3 $11) 15... g6 $2 (15... Bc8 $19 16. f4 Bxf5) 16. Nh6+ $2 (16. Ne3 $15) 16... Kg7 $19 17. Ne4 Qd8 $2 (17... Qf4 $19 18. Qxf4 exf4 19. Nxf7 Rxf7) 18. Nf5+ (18. Ng5 $1 $15) 18... Kh8 $17 {And now ...Bc8 would win.} 19. Nh6 $2 (19. Ne3 $17) 19... Bxd5 (19... f5 $142 20. Ng5 fxg4 21. Nhf7+ Kg8 22. Nxd8 Rxd8) 20. Ng5 $19 Kg7 $2 (20... f6 $19 21. c4 fxg5 22. cxd5 Kg7) 21. Rad1 (21. Qh4 $15) 21... Bxa2 $4 {[%mdl 8192]} (21... f6 $1 $19 {[%cal Rf6g5] and all is fine.} 22. Nh3 f5 23. Nxf5+ Rxf5 24. Rxd5 Nf6 {[%mdl 64] Double Attack}) 22. Qh4 (22. b3 $1 $18) 22... Nf6 {[#]} (22... Qd7 $16 {keeps fighting.}) 23. Ng4 $2 (23. b3 $1 $18) 23... Nh5 (23... Nxg4 24. Qxh7+ Kf6 25. Ne4+ Ke7 26. Qh4+ f6 27. Qxg4 $16 (27. Rxd6 Qc8 $11)) 24. Nxe5 $2 (24. b3 $1 $15) 24... Qf6 $2 (24... h6 $19 25. b3 Qxg5 26. Qxg5 hxg5) 25. Ng4 $2 (25. Nd7 $16 Qxb2 26. Nxf8 Rxf8 27. Rxd6) 25... Qf5 (25... Qxb2 $15 26. Rxd6 Qxc2) 26. Nf3 ({Reject} 26. Rxd6 Qxc2 27. Nf3 Qc5 $11) (26. Ne3 $14 Qf4 27. Qxf4 Nxf4 28. Rxd6) 26... Nf4 $2 {[%mdl 8192]} (26... Qxc2 $11 27. Rxd6 Qc5) 27. Ne3 $2 (27. Qh6+ Kg8 28. Ng5) 27... Ne2+ (27... Qf6 {might work better.}) 28. Kh1 $18 Qh5 $2 (28... Qf4 {was worth a try.} 29. Qxf4 Nxf4) 29. Qxh5 gxh5 30. Rd2 Nf4 31. Rxd6 $2 (31. g3 $18 {is more deadly.}) 31... Ng6 $2 {[%mdl 8192]} (31... Be6 $16) 32. Nf5+ Kh8 33. Ng5 $2 (33. b3 $18 {is the precise move to win.}) 33... Rae8 (33... Rac8 $16) 34. Nh6 $2 (34. b3 $18) 34... Kg7 35. Nf5+ Kg8 (35... Kh8 $1 $11 {remains equal.}) 36. Rfd1 $2 (36. b3 $16) 36... Re5 $15 37. g3 $2 {[%mdl 8192]} ({White should play} 37. Nh6+ $15 Kg7 38. Nf3) 37... Rxf5 $19 {[%mdl 64] Double Attack} 38. Ne4 Rf3 $2 (38... Be6 $19 {Threatens to win with ...Kg7.} 39. Ra1 Ne7) 39. Nf6+ $2 {[#]} (39. Kg2 $1 $15 Rf5 40. Ra1) 39... Rxf6 $1 40. Rxf6 Kg7 (40... Be6 $19 {and Black stays clearly on top.} 41. Rd2 Kg7) 41. Rfd6 Ne5 (41... Rc8 $17 42. Ra1 Be6 43. Rxa7 Bh3) 42. Rd7 $2 {[%mdl 8192]} (42. b3 $1 $11 Rc8 43. R6d5) 42... Nf3 $2 (42... Nxd7 $19 43. Rxd7 Be6) 43. Rxa7 Bd5 $2 {[%mdl 8192]} (43... Be6 $15 {stays ahead.}) 44. Kg2 $2 (44. Rxd5 $18 h4 45. Kg2 Ne1+ 46. Kf1 Nxc2 47. gxh4) 44... Nd2+ $17 45. Kh3 {[#]} Be6+ ({Black should try} 45... Rd8 $1 $17 {...Bf3 is the strong threat.} 46. c3 Kg6) 46. Kh4 $2 {[%mdl 8192]} (46. Kg2 $15 Bd5+ 47. Kh3) 46... Ne4 $2 (46... Nf3+ $19 47. Kxh5 Rc8) 47. f3 $11 Nf2 (47... Nf6 $15 {keeps the upper hand.}) 48. g4 $2 {[%mdl 8192]} (48. Rf1 $16 Nh3 49. Re1 (49. Kxh5 Rc8 $11)) 48... Nxd1 $19 49. Kg3 {[%mdl 32768] Quite a comeback for Black. Accuracy: White = 16%, Black = 14%. . Sensor Board Error (Ke4/e5)?} 1-0

[Event "Stay Safe Play From Home 287"]
[Site "Emanuel Lasker Arena"]
[Date "2020.07.08"]
[Round "4"]
[White "Jhhonnyy"]
[Black "Lazieri3"]
[Result "1-0"]
[WhiteElo "2343"]
[BlackElo "2120"]
[Annotator "TA"]
[PlyCount "125"]
[EventDate "2020.07.08"]
[EventType "swiss (blitz)"]

{[%evp 9,125,6,32,24,43,52,46,37,39,31,25,15,14,0,31,27,81,80,100,73,96,93,100,97,96,88,113,99,99,101,255,146,332,209,212,149,145,150,139,31,21,23,48,-281,-275,-271,-259,-261,-231,-312,-320,-303,-256,-248,-254,-249,-107,-116,-102,-109,29990,29991,29991,258,256,252,238,238,242,-121,-121,-121,-121,-144,-136,-29978,-29979,-29979,-29980,-29980,-29979,-29979,-29980,-29980,-29981,-29984,-29985,-29985,-29986,-29986,-29985,-29984,-29983,-29983,-29984,-29984,-29985,-29985,-29983,-29984,-29983,-29984,-29985,-29985,-29985,-29985,-29985,-29987,-29985,-29985,-29986,-29989,-29988,-29989,-29989,-29989,-29990,-29990]} 1. d4 c6 2. c4 d5 3. Nf3 Nf6 4. Nbd2 Bf5 5. Nh4 Bg4 6. h3 {D11: Slav Defence: 3 Nf3 sidelines and 3...Nf6 4 e3 Bg4.} Bh5 7. g4 Bg6 8. Qb3 {White is slightly better.} Qb6 {[#]} 9. e3 $146 (9. g5 {looks sharper.} Nfd7 10. Nxg6 hxg6 11. e3 e6 12. Nf3) ({Predecessor:} 9. Nxg6 hxg6 10. Bg2 e6 11. c5 Qxb3 12. Nxb3 e5 13. dxe5 Nfd7 14. e4 dxe4 15. Be3 {½-½ (33) Mishuchkov,N (2394)-Pohjala,H (2312) Krakow 2013}) 9... Qxb3 10. axb3 Bc2 11. c5 h6 12. b4 {[%cal Bb3b4,Bb4b5][%mdl 32]} Nbd7 (12... Nfd7 $11) 13. b5 e6 14. b4 Be7 15. bxc6 bxc6 16. b5 cxb5 17. Bxb5 O-O 18. Nhf3 Rfc8 19. O-O g6 $2 (19... Rc7 $16) 20. Bb2 (20. Ba6 $18) 20... Nb8 $2 (20... Rab8 $16) 21. Rfc1 Be4 22. Nxe4 Nxe4 23. Ne5 Bf6 24. Nd7 (24. f3 $16 Nd2 25. Rc2) 24... Nxd7 $14 25. Bxd7 Rc7 26. Bb5 $2 {[%mdl 8192]} (26. c6 $1 $14 {stays ahead.}) 26... Rb8 $19 27. Ra5 Bd8 ({Less strong is} 27... Rcb7 28. c6 $17) 28. Ba3 Rcb7 29. Ra6 Rxb5 30. Rxa7 Rb1 31. Rxb1 Rxb1+ 32. Kg2 {Threatening Ra8.} Bh4 (32... Rb8 $19 {is more deadly. ...Bh4 is the strong threat.} 33. Bc1 Bh4) 33. f3 $17 {[#]} Nd2 $1 34. c6 {c7 would kill now.} Rb3 $2 {[%mdl 8192] [#]} (34... Rb8 $17 35. c7 Rc8) 35. c7 $1 Rc3 36. Ra8+ $2 (36. Bc5 {mates} Rxc5 37. dxc5 Kg7 38. c8=Q Nxf3 39. Kxf3 h5 40. Qxe6 {[%mdl 64] Double Attack} Kh8 41. Qxf7 hxg4+ 42. hxg4 Be7 43. Ra8+ Bf8 44. Rxf8#) 36... Kg7 $18 37. c8=Q Rxc8 38. Rxc8 {[%mdl 4096] Endgame KRB-KBN} Nc4 39. e4 $2 ({White should try} 39. Bc1 $18) 39... Nxa3 $17 40. exd5 exd5 41. Rc5 Nc4 42. Rxd5 $2 {[%mdl 8192]} (42. f4 $17) 42... Ne3+ {[%mdl 64] Double Attack. Black mates.} 43. Kg1 Nxd5 44. Kf1 f5 45. Ke2 f4 46. Kd3 Kf6 47. Ke4 Ke6 48. Kd3 g5 49. Ke4 Bf2 50. Kd3 {[#]} Bxd4 $1 51. Kxd4 {KN-K3P} Ne3 52. Ke4 Nc4 53. Kd3 Nd6 54. Ke2 Kf6 55. Kf2 Ke5 56. Kg2 Nb5 57. Kf2 Nd4 58. h4 Kd5 59. hxg5 hxg5 60. Ke1 Kc4 61. Kf2 Kc3 62. Kg2 Kd3 63. Kf2 {[%mdl 32768] Accuracy: White = 58%, Black = 67%. . Sensor Board Error (Ke4/e5)?} 1-0